Регионална библиотека "Любен Каравелов" - Русе

Кухнята на госпожа Черешова (Запис номер 346868)

MARC детайли
000 -Лидер
Контролно поле с фиксирана дължина nam a22 7a 4500
003 - Код на организацията, давaща контролен номер
Контролно поле BLK
005 - Дата и час на последна редакция
Контролно поле 20221104172228.0
008 - Елементи от данни с фиксирана дължина
fixed length control field 190829b bu ||||| |||| 00| 0 bu d
020 ## - Международен стандартен номер на книга ISBN
Международен стандартен номер на книга ISBN 9786197350401
040 ## - Източник на каталожния запис
Идентификатор на билиотеката - собственик на записа BLK
041 ## - Код за език
Код за езика на текст/звукозапис или на отделно заглавие Български
Код за езика КДБФ Български
080 ## - УДК
Текстов определител УДК Американска литература (на САЩ)
УДК код - определител по УДК 821.111(73)
УДК - код + определител 821.111(73)-94
100 ## - Редна дума - Автор
R(LIN) 382552
Автор Плат, Силвия
Авторска отговорност първи автор
139 ## - Редно поле
Редна дума Плат, Силвия
Авторски знак Плат - П 58
245 ## - Сведения за заглавието
Заглавие Кухнята на госпожа Черешова
Редно поле (дума) Силвия Плат, прев. Стефан Русинов; ил. Капка Кънева
260 ## - Област на издателските данни
9 (RLIN) 216827
Име на издателя, разпространителя и проч. Лист
Година на издаване 2019
300 ## - Физическа характеристика
Страници 84 с.
Размери/Мащаб 23Х23 см
380 ## - Жанр
Жанр Детска худож. лит.
490 ## - СЕРИИ (Колекции)
9 (RLIN) 209350
Име на серия Поредица Детски шедьоври от велики писатели
999 ## - СИСТЕМНИ КОНТРОЛНИ НОМЕРА
Koha biblionumber 346868
Koha biblioitemnumber 346868
942 ## - АРТИКУЛИ
Вид на библиотечния материал Книги
Скрит в OPAC Не
Периодичен библиозапис Да
Koha issues (borrowed), all copies 4
944 ## - СЪЗДАВАНЕ И РЕДАКЦИЯ на ЗАПИСА
Създаване/Редакция Създаване
Дата на регистрацията/редакция 2019-12-04
Служител, извършил регистрацията/редакцията Моника Янева
Статус, дата на статуса 2019-12-04
999 ## - СИСТЕМНИ КОНТРОЛНИ НОМЕРА
Koha biblioitemnumber 346868
999 ## - СИСТЕМНИ КОНТРОЛНИ НОМЕРА
Koha biblioitemnumber 346867
999 ## - СИСТЕМНИ КОНТРОЛНИ НОМЕРА
Koha biblioitemnumber 346867
999 ## - СИСТЕМНИ КОНТРОЛНИ НОМЕРА
Koha biblioitemnumber 334287
Наличности
Код за отписване Код за изгубен артикул Източник на класификационната схема Код за повреда Коз за рестрикции Код за отдаване Артикулен № Име на библиотеката - собственик Име на библиотеката, в която се намира в момента Статус (Текущо местоположение) Дата на вписване в системата Местоположение - отдел Цена в лева Систематично азбучна сигнатура Баркод Цена в евро Служебен тип на артикула
  Не е изгубен Universal Decimal Classification Не е повреден без рестрикции заемане за дома 751921 Регионална библиотека "Любен Каравелов" Русе Регионална библиотека "Любен Каравелов" Русе Детски отдел 2019-12-12 Детски отдел 9.09 ДХ 820/899/П 58 120000839948 4.65 Книги
  Не е изгубен Universal Decimal Classification Не е повреден без рестрикции заемане за дома 751922 Регионална библиотека "Любен Каравелов" Русе Регионална библиотека "Любен Каравелов" Русе Детски отдел 2019-12-12 Детски отдел 9.09 ДХ 820/899/П 58 120000839947 4.65 Книги
  Не е изгубен Universal Decimal Classification Не е повреден само за читалня ползва се в читалня 805336 Регионална библиотека "Любен Каравелов" Русе Регионална библиотека "Любен Каравелов" Русе Хранилище 2020-11-18 Хранилище 12.98 Цб 304544 120000849958 6.64 Книги
Vip Innovations Ltd, Rousse, Bulgaria 2025